书目信息 |
| 题名: |
软件工程导论 ( 第6版 ) 学习辅导
|
|
| 作者: | 张海藩 , 牟永敏 编著 | |
| 分册: | ||
| 出版信息: | 北京 清华大学出版社 2003.08 |
|
| 页数: | 228页 | |
| 开本: | 28cm | |
| 丛书名: | ||
| 单 册: | ||
| 中图分类: | TP311.5 | |
| 科图分类: | ||
| 主题词: | 软件 | |
| 电子资源: | ||
| ISBN: | 7-302-33099-9 | |
| 000 | 00682nam0 2200205 450 | |
| 001 | 1660218035 | |
| 005 | 20160229164724.07 | |
| 010 | @a7-302-33099-9@dCNY28.00 | |
| 100 | @a20160229d2003 km y0chiy0120 ea | |
| 101 | 0 | @achi |
| 102 | @aCN@b110000 | |
| 200 | 1 | @a软件工程导论 ( 第6版 ) 学习辅导@Aruan jian gong cheng dao lun(di 6 ban)xue xi fu dao@f张海藩, 牟永敏编著@Fzhang hai fan,mu yong min bian zhu |
| 210 | @a北京@c清华大学出版社@d2003.08 | |
| 215 | @a228页@d28cm | |
| 606 | 0 | @a软件 |
| 690 | @aTP311.5@v4 | |
| 701 | 0 | @a张海藩@Azhang hai fan@4编著 |
| 701 | 0 | @a牟永敏@Amu yong min@4编著 |
| 801 | 0 | @aCN@b大连网信软件有限公司图书馆·11@c20160229 |
| 905 | @aZUCC@dTP311.5@eZ1111 | |
| 软件工程导论 ( 第6版 ) 学习辅导/张海藩, 牟永敏编著.-北京:清华大学出版社,2003.08 |
| 228页;28cm |
| ISBN 7-302-33099-9:CNY28.00 |
| ● |
| 相关链接 |
|
|
|
正题名:软件工程导论 ( 第6版 ) 学习辅导
索取号:TP311.5/Z1111
 
预约/预借
| 序号 | 登录号 | 条形码 | 馆藏地/架位号 | 状态 | 备注 |
| 1 | 1222305 | 212223057 | 计算机与数据科学学院资料室/ [索取号:TP311.5/Z1111] | 在馆 |